000 00661nam a22002172 4500
001 0000021034
005 20151021152604.0
008 120109s xx 000 0 eng d
020 _a8120332386 :
040 _aKABU
_cKABU
100 1 _aArmendariz, Beatriz.
_@0000181706
245 1 4 _aThe Economics of microfinance /
_cBeatriz Armendariz, Jonathan Morduch.
250 _a1st ed.
260 _aNew Delhi :
_bPHI,
_c2005.
300 _axiv, 346 p.
650 0 _aMicrofinance.
_@0000165232
700 1 _aMorduch, Jonathan.
_@0000181707
852 1 _9p810 KES
908 _a120109
950 _@1
999 _c1617
_d1617